Eastern Utah Libraries Catalog: Duchesne, Heber, Roosevelt, & Vernal

Conquistadors / (Record no. 301241)

MARC details
000 -LEADER
fixed length control field 01767cam a2200445Mi 4500
001 - CONTROL NUMBER
control field ocn904659725
003 - CONTROL NUMBER IDENTIFIER
control field OCoLC
005 - DATE AND TIME OF LATEST TRANSACTION
control field 20200320204121.0
008 - FIXED-LENGTH DATA ELEMENTS--GENERAL INFORMATION
fixed length control field 130114s2013 mnu j b 001 0 eng
010 ## - LIBRARY OF CONGRESS CONTROL NUMBER
LC control number 2012051834
020 ## - INTERNATIONAL STANDARD BOOK NUMBER
International Standard Book Number 9781608184675
Qualifying information (alk. paper)
020 ## - INTERNATIONAL STANDARD BOOK NUMBER
International Standard Book Number 1608184676
Qualifying information (alk. paper)
020 ## - INTERNATIONAL STANDARD BOOK NUMBER
Terms of availability 19.95
035 ## - SYSTEM CONTROL NUMBER
System control number (OCoLC)904659725
040 ## - CATALOGING SOURCE
Original cataloging agency DLC
Language of cataloging eng
Description conventions rda
Transcribing agency FLQ
Modifying agency OCLCO
-- OCLCQ
-- WACOL
043 ## - GEOGRAPHIC AREA CODE
Geographic area code s------
-- n------
-- e-sp---
049 ## - LOCAL HOLDINGS (OCLC)
Holding library WACL
050 00 - LIBRARY OF CONGRESS CALL NUMBER
Classification number E141
Item number .B64 2013
082 00 - DEWEY DECIMAL CLASSIFICATION NUMBER
Classification number 970.01/6
Edition number 23
092 ## - LOCALLY ASSIGNED DEWEY CALL NUMBER (OCLC)
Classification number E
Item number Bod
100 1# - MAIN ENTRY--PERSONAL NAME
Personal name Bodden, Valerie.
9 (RLIN) 54026
245 10 - TITLE STATEMENT
Title Conquistadors /
Statement of responsibility, etc Valerie Bodden.
260 ## - PUBLICATION, DISTRIBUTION, ETC. (IMPRINT)
Date of publication, distribution, etc 2013.
264 #1 - Production, Publication, Distribution, Manufacture, and Copyright Notice.
Place of production, publication, distribution, manufacture Mankato, MN :
Name of producer, publisher, distributor, manufacturer Creative Education,
Date of production, publication, distribution, manufacture, or copyr 2013.
300 ## - PHYSICAL DESCRIPTION
Extent 24 pages.
336 ## - Content Type
Content type term text
337 ## - Media type
Media type term unmediated
338 ## - Carrier type
Carrier type term volume
490 0# - SERIES STATEMENT
Series statement Great warriors
504 ## - BIBLIOGRAPHY, ETC. NOTE
Bibliography, etc Includes bibliographical references and index.
505 0# - FORMATTED CONTENTS NOTE
Formatted contents note Who are conquistadors? -- A conquistador's life -- Famous conquistadors -- Glossary -- Read more -- Index.
520 ## - SUMMARY, ETC.
Summary, etc "A simple introduction to the Spanish warriors known as conquistadors, including their history, lifestyle, weapons, and how they remain a part of today's culture through language and traditions"--Provided by publisher.
650 #0 - SUBJECT ADDED ENTRY--TOPICAL TERM
Topical term or geographic name as entry element America
General subdivision Discovery and exploration
-- Spanish
Form subdivision Juvenile literature.
9 (RLIN) 5735864
650 #0 - SUBJECT ADDED ENTRY--TOPICAL TERM
Topical term or geographic name as entry element Conquerors
Geographic subdivision America
General subdivision History
Form subdivision Juvenile literature.
9 (RLIN) 5735865
650 #0 - SUBJECT ADDED ENTRY--TOPICAL TERM
Topical term or geographic name as entry element Conquerors
Geographic subdivision Spain
General subdivision History
Form subdivision Juvenile literature.
9 (RLIN) 5735866
942 ## - ADDED ENTRY ELEMENTS (KOHA)
Koha item type BOOK
948 ## - LOCAL PROCESSING INFORMATION (OCLC); SERIES PART DESIGNATOR (RLIN)
Series part designator, SPT (RLIN) 05/31/2017
z (OCLC) Sirsi
994 ## -
-- C0
-- WACOL
996 ## -
-- 140768
-- 34301001523713
-- JNF
-- bk
-- wcl
-- i
-- 2
-- 17.95
-- windfall
-- 970.01 Bod
-- 05/31/2017
-- 07/21/2017
-- 07/11/2017
Holdings
Withdrawn status Lost status Source of classification or shelving scheme Damaged status Not for loan Collection code Home library Current library Shelving location Date acquired Cost, normal purchase price Total Checkouts Total Renewals Full call number Barcode Date last seen Date checked out Cost, replacement price Price effective from Koha item type
    Dewey Decimal Classification     Junior NonFiction Wasatch County Library Wasatch County Library Second Floor 05/31/2017 17.95 4 3 J 970.01 Bod 34301001523713 12/26/2025 04/07/2023 17.95 03/20/2020 BOOK
This project was made possible through a grant from the Institute of Museum and Library Service administered by the Utah State Library Division.

Wasatch County Library

  • 465 East 1200 South, Heber City, Utah 84032
  • Phone 435-654-1511 | Fax 435-654-6456

Hours

  • Monday - Friday 9:30 AM - 8:00 PM
  • Saturday 9:30 AM - 1:30 PM
  • Closed Sundays and Holidays